{"text_format":"3","workbook":"xlsx","n_sheets":1,"sheets":["t323"],"read":"whole","date_system":"1900"}

{"sheet":"t323","index":0,"n_rows":148,"n_cols":7,"rows_kept":148,"merged":[[0,0,0,6],[30,0,30,5],[44,0,44,5],[131,0,131,5]]}
["TABELA 323.1 - Estatísticas Agrícolas, Município de Marapoama, Estado de São Paulo, 2007/08."]
["ITEM","UNIDADE","N.DE UPAs","MÍNIMO","MÉDIO","MÁXIMO","TOTAL"]
["Distância à sede do município","km",313,0.5,{"v":4.82,"d":"4.8"},{"v":16,"d":"16.0"},"-"]
["Área total","hectare",313,1.2,{"v":34.61,"d":"34.6"},464.6,{"v":10833.52,"d":"10,833.5"}]
["Área com cultura perene","hectare",141,0.4,10.8,93.7,{"v":1522.3,"d":"1,522.3"}]
["Área com cultura temporária","hectare",175,1.2,{"v":41.97,"d":"42.0"},{"v":463,"d":"463.0"},{"v":7345.4,"d":"7,345.4"}]
["Área com pastagem","hectare",126,0.6,{"v":9.14,"d":"9.1"},{"v":117,"d":"117.0"},{"v":1151.4,"d":"1,151.4"}]
["Área com reflorestamento","hectare",23,0.2,{"v":4.73,"d":"4.7"},35.3,108.7]
["Área com vegetação natural","hectare",67,0.1,{"v":4.89,"d":"4.9"},44.3,327.7]
["Área com vegetação de brejo e várzea","hectare",16,0.1,{"v":2.86,"d":"2.9"},{"v":11,"d":"11.0"},45.8]
["Área em descanso","hectare",35,0.1,{"v":2.27,"d":"2.3"},{"v":20,"d":"20.0"},79.6]
["Área complementar","hectare",185,0.1,{"v":1.37,"d":"1.4"},14.9,{"v":252.62,"d":"252.6"}]
["Área das UPAs com (0, 1] ha","hectare","-","-","-","-","-"]
["Área das UPAs com (1, 2] ha","hectare",2,1.2,1.2,1.2,2.4]
["Área das UPAs com (2, 5] ha","hectare",48,2.4,{"v":3.88,"d":"3.9"},4.8,186.3]
["Área das UPAs com (5, 10] ha","hectare",53,5.2,{"v":7.88,"d":"7.9"},{"v":10,"d":"10.0"},417.9]
["Área das UPAs com (10, 20] ha","hectare",91,10.1,{"v":14.96,"d":"15.0"},19.9,{"v":1361.02,"d":"1,361.0"}]
["Área das UPAs com (20, 50] ha","hectare",74,20.2,{"v":30.69,"d":"30.7"},47.2,{"v":2271,"d":"2,271.0"}]
["Área das UPAs com (50, 100] ha","hectare",20,50.8,{"v":67.57,"d":"67.6"},96.8,{"v":1351.3,"d":"1,351.3"}]
["Área das UPAs com (100, 200] ha","hectare",15,110.5,{"v":137.09,"d":"137.1"},190.5,{"v":2056.3,"d":"2,056.3"}]
["Área das UPAs com (200, 500] ha","hectare",10,208.1,{"v":318.73,"d":"318.7"},464.6,{"v":3187.3,"d":"3,187.3"}]
["Área das UPAs com (500, 1.000] ha","hectare","-","-","-","-","-"]
["Área das UPAs com (1.000, 2.000] ha","hectare","-","-","-","-","-"]
["Área das UPAs com (2.000, 5.000] ha","hectare","-","-","-","-","-"]
["Área das UPAs com (5.000, 10.000] ha","hectare","-","-","-","-","-"]
["Área das UPAs acima de 10.000 ha","hectare","-","-","-","-","-"]
["Familiares do proprietário que trabalham na UPA","unidade",229,{"v":1,"d":"1.0"},{"v":1.86,"d":"1.9"},{"v":7,"d":"7.0"},{"v":425,"d":"425.0"}]
["Trabalhadores permanentes","unidade",68,{"v":1,"d":"1.0"},{"v":4.07,"d":"4.1"},{"v":120,"d":"120.0"},{"v":277,"d":"277.0"}]
["Fonte: Secretaria de Agricultura e Abastecimento, CDRS/IEA, Projeto LUPA."]
[]
["TABELA 323.2 - Explorações Animais, Município de Marapoama, Estado de São Paulo, 2007/08."]
["ITEM","UNIDADE","N.DE UPAs","MÍNIMO","MÉDIO","MÁXIMO","TOTAL"]
["Asininos E Muares","cabeças",5,{"v":1,"d":"1.0"},{"v":1,"d":"1.0"},{"v":1,"d":"1.0"},{"v":5,"d":"5.0"}]
["Bovinocultura de Corte","cabeças",13,{"v":4,"d":"4.0"},{"v":29.54,"d":"29.5"},{"v":100,"d":"100.0"},{"v":384,"d":"384.0"}]
["Bovinocultura Leiteira","cabeças",6,{"v":2,"d":"2.0"},{"v":5.17,"d":"5.2"},{"v":20,"d":"20.0"},{"v":31,"d":"31.0"}]
["Bovinocultura Mista","cabeças",77,{"v":1,"d":"1.0"},{"v":14.39,"d":"14.4"},{"v":89,"d":"89.0"},{"v":1108,"d":"1,108.0"}]
["Bubalinocultura","cabeças",1,{"v":5,"d":"5.0"},{"v":5,"d":"5.0"},{"v":5,"d":"5.0"},{"v":5,"d":"5.0"}]
["Caprinocultura","cabeças",2,{"v":1,"d":"1.0"},{"v":7,"d":"7.0"},{"v":13,"d":"13.0"},{"v":14,"d":"14.0"}]
["Carcinocultura","pós-larvas",1,{"v":15,"d":"15.0"},{"v":15,"d":"15.0"},{"v":15,"d":"15.0"},{"v":15,"d":"15.0"}]
["Equinocultura","cabeças",56,{"v":1,"d":"1.0"},{"v":1.86,"d":"1.9"},{"v":8,"d":"8.0"},{"v":104,"d":"104.0"}]
["Ovinocultura","cabeças",7,{"v":10,"d":"10.0"},{"v":26,"d":"26.0"},{"v":50,"d":"50.0"},{"v":182,"d":"182.0"}]
["Suinocultura","cabeças",10,{"v":3,"d":"3.0"},29.9,{"v":100,"d":"100.0"},{"v":299,"d":"299.0"}]
["Fonte: Secretaria de Agricultura e Abastecimento, CDRS/IEA, Projeto LUPA."]
[]
["TABELA 323.3 -  Máquinas, Implementos e Benfeitorias, Município de Marapoama, Estado de São Paulo, 2007/08."]
["ITEM","UNIDADE","N.DE UPAs","MÍNIMO","MÉDIO","MÁXIMO","TOTAL"]
["Arado Comum (Bacia, Aiveca)","Unidade",57,{"v":1,"d":"1.0"},{"v":1.12,"d":"1.1"},{"v":4,"d":"4.0"},{"v":64,"d":"64.0"}]
["Arado Escarificador","Unidade",17,{"v":1,"d":"1.0"},{"v":1.06,"d":"1.1"},{"v":2,"d":"2.0"},{"v":18,"d":"18.0"}]
["Arado Subsolador","Unidade",2,{"v":1,"d":"1.0"},{"v":1,"d":"1.0"},{"v":1,"d":"1.0"},{"v":2,"d":"2.0"}]
["Câmara Fria","Unidade",1,{"v":1,"d":"1.0"},{"v":1,"d":"1.0"},{"v":1,"d":"1.0"},{"v":1,"d":"1.0"}]
["Colhedeira Automotriz","Unidade",1,{"v":1,"d":"1.0"},{"v":1,"d":"1.0"},{"v":1,"d":"1.0"},{"v":1,"d":"1.0"}]
["Conj.Irrigação/Gotejamento/Microaspersão","Unidade",1,{"v":1,"d":"1.0"},{"v":1,"d":"1.0"},{"v":1,"d":"1.0"},{"v":1,"d":"1.0"}]
["Desintegrador, Picador, Triturador","Unidade",50,{"v":1,"d":"1.0"},{"v":1,"d":"1.0"},{"v":1,"d":"1.0"},{"v":50,"d":"50.0"}]
["Distribuidor de Calcário","Unidade",2,{"v":1,"d":"1.0"},{"v":1,"d":"1.0"},{"v":1,"d":"1.0"},{"v":2,"d":"2.0"}]
["Ensiladeira","Unidade",6,{"v":1,"d":"1.0"},{"v":1,"d":"1.0"},{"v":1,"d":"1.0"},{"v":6,"d":"6.0"}]
["Grade Aradora (Tipo Romi)","Unidade",1,{"v":2,"d":"2.0"},{"v":2,"d":"2.0"},{"v":2,"d":"2.0"},{"v":2,"d":"2.0"}]
["Grade Niveladora","Unidade",70,{"v":1,"d":"1.0"},{"v":1.17,"d":"1.2"},{"v":3,"d":"3.0"},{"v":82,"d":"82.0"}]
["Implementos para Tração Animal","Unidade",2,{"v":1,"d":"1.0"},{"v":1,"d":"1.0"},{"v":1,"d":"1.0"},{"v":2,"d":"2.0"}]
["Ordenhadeira Mecânica","Unidade",1,{"v":1,"d":"1.0"},{"v":1,"d":"1.0"},{"v":1,"d":"1.0"},{"v":1,"d":"1.0"}]
["Pulverizador Tratorizado","Unidade",70,{"v":1,"d":"1.0"},{"v":1.39,"d":"1.4"},{"v":4,"d":"4.0"},{"v":97,"d":"97.0"}]
["Semeadeira/Adubadeira para Plantio Convencional","Unidade",2,{"v":1,"d":"1.0"},{"v":1,"d":"1.0"},{"v":1,"d":"1.0"},{"v":2,"d":"2.0"}]
["Semeadeira/Plantadeira Plantio Direto","Unidade",20,{"v":1,"d":"1.0"},{"v":1.05,"d":"1.1"},{"v":2,"d":"2.0"},{"v":21,"d":"21.0"}]
["Trator de Pneus","Unidade",86,{"v":1,"d":"1.0"},{"v":1.49,"d":"1.5"},{"v":6,"d":"6.0"},{"v":128,"d":"128.0"}]
["Açude/Represa","Unidade",40,{"v":1,"d":"1.0"},{"v":1.15,"d":"1.2"},{"v":2,"d":"2.0"},{"v":46,"d":"46.0"}]
["Almoxarifado/Oficina","Unidade",4,{"v":1,"d":"1.0"},{"v":1,"d":"1.0"},{"v":1,"d":"1.0"},{"v":4,"d":"4.0"}]
["Balança para Veículos","Unidade",2,{"v":1,"d":"1.0"},{"v":1,"d":"1.0"},{"v":1,"d":"1.0"},{"v":2,"d":"2.0"}]
["Barracão para Bicho da Seda/Sirgaria","Unidade",2,{"v":1,"d":"1.0"},{"v":1,"d":"1.0"},{"v":1,"d":"1.0"},{"v":2,"d":"2.0"}]
["Barracão para Granja/Avicultura","Unidade",5,{"v":1,"d":"1.0"},1.4,{"v":3,"d":"3.0"},{"v":7,"d":"7.0"}]
["Barracão/Galpão/Garagem","Unidade",102,{"v":1,"d":"1.0"},1.2,{"v":9,"d":"9.0"},{"v":122,"d":"122.0"}]
["Casa de Moradia Habitada","Unidade",134,{"v":1,"d":"1.0"},{"v":1.65,"d":"1.7"},{"v":10,"d":"10.0"},{"v":221,"d":"221.0"}]
["Casa de Moradia Total","Unidade",153,{"v":1,"d":"1.0"},{"v":2,"d":"2.0"},{"v":10,"d":"10.0"},{"v":306,"d":"306.0"}]
["Curral/Mangueira","Unidade",113,{"v":1,"d":"1.0"},{"v":1.03,"d":"1.0"},{"v":3,"d":"3.0"},{"v":116,"d":"116.0"}]
["Depósito/Tulha","Unidade",96,{"v":1,"d":"1.0"},{"v":1.09,"d":"1.1"},{"v":3,"d":"3.0"},{"v":105,"d":"105.0"}]
["Instalações para Equinos","Unidade",1,{"v":1,"d":"1.0"},{"v":1,"d":"1.0"},{"v":1,"d":"1.0"},{"v":1,"d":"1.0"}]
["Máquina de Benefício","Unidade",2,{"v":1,"d":"1.0"},{"v":1,"d":"1.0"},{"v":1,"d":"1.0"},{"v":2,"d":"2.0"}]
["Olaria","Unidade",1,{"v":1,"d":"1.0"},{"v":1,"d":"1.0"},{"v":1,"d":"1.0"},{"v":1,"d":"1.0"}]
["Pocilga","Unidade",10,{"v":1,"d":"1.0"},1.7,{"v":8,"d":"8.0"},{"v":17,"d":"17.0"}]
["Poço Semi-Artesiano","Unidade",71,{"v":1,"d":"1.0"},{"v":1.07,"d":"1.1"},{"v":4,"d":"4.0"},{"v":76,"d":"76.0"}]
["Terreiro","m²",52,{"v":1,"d":"1.0"},{"v":184.46,"d":"184.5"},{"v":900,"d":"900.0"},{"v":9592,"d":"9,592.0"}]
["Usina de Açúcar/destilaria","Unidade",1,{"v":1,"d":"1.0"},{"v":1,"d":"1.0"},{"v":1,"d":"1.0"},{"v":1,"d":"1.0"}]
["Fonte: Secretaria de Agricultura e Abastecimento, CDRS/IEA, Projeto LUPA."]
[]
["TABELA 323.4 - Outras Estatísticas Agrícolas, Município de Marapoama, Estado de São Paulo, 2007/08."]
["ITEM","Número de UPAs",null,"Percentual"]
["Faz Parte de Associação de Produtores",19,null,{"v":6.0702875399361025,"d":"6.1"}]
["Faz Parte de Cooperativa de Produtores",79,null,{"v":25.23961661341853,"d":"25.2"}]
["Faz Parte do Sindicato de Produtores",28,null,{"v":8.945686900958465,"d":"8.9"}]
["Não utiliza assistência técnica ",123,null,{"v":39.29712460063898,"d":"39.3"}]
["Utiliza somente assistência técnica governamental ",25,null,{"v":7.987220447284345,"d":"8.0"}]
["Utiliza somente assistência técnica privada ",118,null,{"v":37.69968051118211,"d":"37.7"}]
["Utiliza assistência técnica tanto governamental quanto privada",47,null,{"v":15.015974440894567,"d":"15.0"}]
["Utiliza Crédito Rural",36,null,{"v":11.501597444089457,"d":"11.5"}]
["Utiliza Seguro Rural","-",null,"-"]
["Utiliza Escrituração Agrícola",19,null,{"v":6.0702875399361025,"d":"6.1"}]
["Acessa Internet p/ Fins na Agropecuária",2,null,{"v":0.6389776357827477,"d":"0.6"}]
["Utiliza Computador nas Atividades Agropecuárias",16,null,{"v":5.1118210862619815,"d":"5.1"}]
["Utiliza Energia Elétrica Para Uso na Atividade Agrícola",167,null,{"v":53.35463258785943,"d":"53.4"}]
["Realiza Análise de Solo, quando necessário",29,null,{"v":9.26517571884984,"d":"9.3"}]
["Utiliza Práticas de Conservação de Solo, quando necessário",238,null,{"v":76.03833865814697,"d":"76.0"}]
["Faz Adubação Mineral, quando necessário",161,null,{"v":51.43769968051118,"d":"51.4"}]
["Faz Adubação Orgânica, quando necessário",69,null,{"v":22.044728434504794,"d":"22.0"}]
["Faz Adubação Verde, quando necessário",18,null,{"v":5.7507987220447285,"d":"5.8"}]
["Utiliza Manejo Integrado de Pragas (MIP)","-",null,"-"]
["Utiliza Hidroponia","-",null,"-"]
["Utiliza Plasticultura","-",null,"-"]
["Utiliza Mudas Fiscalizadas",36,null,{"v":11.501597444089457,"d":"11.5"}]
["Utiliza Semente Melhorada",37,null,{"v":11.82108626198083,"d":"11.8"}]
["Faz Confinamento de Bovinos","-",null,"-"]
["Utiliza Pastejo Intensivo",32,null,{"v":10.223642172523961,"d":"10.2"}]
["Faz Inseminação Artificial","-",null,"-"]
["Faz Mineralização do Rebanho",73,null,{"v":23.322683706070286,"d":"23.3"}]
["Faz Vermifugação do Rebanho",75,null,{"v":23.961661341853034,"d":"24.0"}]
["Possui Parceiros /Arrendatários na Exploração Animal",49,null,{"v":15.654952076677317,"d":"15.7"}]
["Esporte e lazer","-",null,"-"]
["Extração mineral","-",null,"-"]
["Hotel Fazenda, Pousada ou SPA","-",null,"-"]
["Pesque-pague","-",null,"-"]
["Restaurante ou Lanchonete","-",null,"-"]
["Transformação artesanal","-",null,"-"]
["Turismo rural ou ecoturismo","-",null,"-"]
["Outras atividades econômicas rurais",1,null,{"v":0.31948881789137384,"d":"0.3"}]
["Agroindústria","-",null,"-"]
["Proprietário sem instrução ou com instrução incompleta",17,null,{"v":5.431309904153355,"d":"5.4"}]
["Proprietário com antigo primário completo",181,null,{"v":57.82747603833865,"d":"57.8"}]
["Proprietário com 1° grau (ou antigo ginasial) completo",25,null,{"v":7.987220447284345,"d":"8.0"}]
["Proprietário com 2° grau (ou antigo colegial) completo",31,null,{"v":9.904153354632587,"d":"9.9"}]
["Proprietário com curso superior completo ",54,null,{"v":17.252396166134186,"d":"17.3"}]
["Pessoa Jurídica",5,null,{"v":1.597444089456869,"d":"1.6"}]
["Proprietário residente na própria UPA ",49,null,{"v":15.654952076677317,"d":"15.7"}]
["Fonte: Secretaria de Agricultura e Abastecimento, CDRS/IEA, Projeto LUPA."]
[]
["TABELA 323.5 - Área Cultivada, Município de Marapoama, Estado de São Paulo, 2007/08."]
["CULTURA","N.DE UPAs","MÍNIMO","MÉDIO","MÁXIMO","TOTAL"]
["Cana-de-acucar",172,0.6,{"v":42.72,"d":"42.7"},{"v":463,"d":"463.0"},{"v":7347.9,"d":"7,347.9"}]
["Braquiaria",123,0.6,{"v":9.29,"d":"9.3"},{"v":117,"d":"117.0"},{"v":1142.9,"d":"1,142.9"}]
["Limao",96,0.4,{"v":5.36,"d":"5.4"},34.7,{"v":515,"d":"515.0"}]
["Laranja",34,{"v":1,"d":"1.0"},{"v":14.89,"d":"14.9"},92.7,506.1]
["Manga",58,0.5,{"v":4.97,"d":"5.0"},{"v":21,"d":"21.0"},{"v":288,"d":"288.0"}]
["Tangerina",30,0.2,{"v":3.84,"d":"3.8"},{"v":32,"d":"32.0"},115.1]
["Eucalipto",23,0.2,{"v":4.73,"d":"4.7"},35.3,108.7]
["Goiaba",8,2.5,{"v":6.48,"d":"6.5"},25.7,51.8]
["Lima",12,0.8,{"v":3.16,"d":"3.2"},9.6,37.9]
["Milho",5,0.6,{"v":3.28,"d":"3.3"},7.3,16.4]
["Outras gramineas para pastagem",3,1.1,{"v":2.83,"d":"2.8"},{"v":5,"d":"5.0"},8.5]
["Seringueira",2,2.1,4.2,6.3,8.4]
["Mandioca",1,1.5,1.5,1.5,1.5]
["Arroz",1,0.6,0.6,0.6,0.6]
["Fonte: Secretaria de Agricultura e Abastecimento, CDRS/IEA, Projeto LUPA."]